Les vacances d'Hercule Poirot / (Record no. 6748)
[ view plain ]
| 000 -LEADER | |
|---|---|
| fixed length control field | 00873nam a22002417a 4500 |
| 001 - CONTROL NUMBER | |
| control field | 6748 |
| 003 - CONTROL NUMBER IDENTIFIER | |
| control field | FISKH |
| 005 - DATE AND TIME OF LATEST TRANSACTION | |
| control field | 20250526094815.0 |
| 008 - FIXED-LENGTH DATA ELEMENTS--GENERAL INFORMATION | |
| fixed length control field | 250523b cb ||||| |||| 00| 0 eng d |
| 020 ## - INTERNATIONAL STANDARD BOOK NUMBER | |
| International Standard Book Number | 9782013211659 |
| 040 ## - CATALOGING SOURCE | |
| Original cataloging agency | FISKH |
| Language of cataloging | French |
| Transcribing agency | FISKH |
| Modifying agency | FISKH |
| 050 ## - LIBRARY OF CONGRESS CALL NUMBER | |
| Classification number | PR6005.H66 E9 |
| 082 ## - DEWEY DECIMAL CLASSIFICATION NUMBER | |
| Classification number | 823.912 |
| 100 ## - MAIN ENTRY--PERSONAL NAME | |
| Personal name | Christie, Agatha |
| 245 ## - TITLE STATEMENT | |
| Title | Les vacances d'Hercule Poirot / |
| Statement of responsibility, etc. | By Agatha Christie |
| 260 ## - PUBLICATION, DISTRIBUTION, ETC. | |
| Place of publication, distribution, etc. | Paris : |
| Name of publisher, distributor, etc. | Hachette Jeunesse, |
| Date of publication, distribution, etc. | 2005. |
| 300 ## - PHYSICAL DESCRIPTION | |
| Extent | 314 pages : |
| Other physical details | illustrations ; |
| Dimensions | 18 cm . |
| 490 ## - SERIES STATEMENT | |
| Series statement | Hercule Poirot (22) |
| 520 ## - SUMMARY, ETC. | |
| Summary, etc. | Une touriste fortunée, Arlena Marshall, est retrouvée étranglée sur la plage d'une petite île. Hercule Poirot va avoir besoin de tout son sens psychologique et de tout son esprit déductif pour désigner le meurtrier |
| 650 ## - SUBJECT ADDED ENTRY--TOPICAL TERM | |
| Topical term or geographic name entry element | Hercule Poirot |
| Form subdivision | Fiction |
| 942 ## - ADDED ENTRY ELEMENTS (KOHA) | |
| Source of classification or shelving scheme | Dewey Decimal Classification |
| Koha item type | Books |
| Suppress in OPAC | No |
| Withdrawn status | Lost status | Source of classification or shelving scheme | Damaged status | Not for loan | Collection | Home library | Current library | Shelving location | Date acquired | Total Checkouts | Full call number | Barcode | Date last seen | Price effective from | Koha item type |
|---|---|---|---|---|---|---|---|---|---|---|---|---|---|---|---|
| Dewey Decimal Classification | Fiction | Footprints International School Library Network Toul Tom Poung Campus | Footprints International School Library Network Toul Tom Poung Campus | TTP Secondary Fiction Bookshelves | 05/23/2025 | CHR 823.912 PR6005.H66 E9 | FISSE04353 | 05/23/2025 | 05/23/2025 | Books |
